Signes astrologiques par images - Statistiques

Statistiques générales
  • Ce quiz a été pris 790 fois
  • Le résultat moyen est 10 sur 13
Statistiques - réponses
Par images Réponse % Correct
Belier
87%
Sagittaire
87%
Taureau
83%
Verseau
81%
Balance
80%
Cancer
80%
Lion
79%
Scorpion
77%
Poisson
75%
Vierge
75%
Gémeaux
73%
Capricorne
71%
Serpentaire/Ophiuchus
25%
Aucun quiz correspondant
Distribution des résultats
% des personnes avec chaque résultat
Percentile par nombre de réponses
Votre historique - résultats
Vous n’avez pas pris ce quiz